| 000 | 01568cam a2200337 i 4500 | ||
|---|---|---|---|
| 001 | 118945 | ||
| 005 | 20230411085639.0 | ||
| 008 | 130516s2013 ilua b 001 0 eng c | ||
| 035 | _a17744656 | ||
| 010 | _a 2013019928 | ||
| 020 | _a9780226092812 (cloth : acid-free paper) | ||
| 040 |
_aICU/DLC _beng _cICU _erda _dDLC |
||
| 042 | _apcc | ||
| 050 | 1 | 4 |
_aZ 721 _bC188l 2013 |
| 082 | 0 | 0 | _a027.009 |
| 100 | 1 |
_aCampbell, James W. P., _eauthor. |
|
| 245 | 1 | 4 |
_aThe library : _ba world history / _cJames W. P. Campbell ; photographs by Will Pryce. |
| 264 | 1 |
_aChicago : _bThe University of Chicago Press, _c2013. |
|
| 300 |
_a320 pages : _bcolored illustrations ; _c32 cm |
||
| 336 |
_atext _2rdacontent |
||
| 337 |
_aunmediated _2rdamedia |
||
| 338 |
_avolume _2rdacarrier |
||
| 504 | _aIncludes bibliographical references (pages 313-315) and index. | ||
| 505 | 0 | _aLost beginnings : libraries in the ancient world -- Cloisters, codices and chests : libraries in the Middle Ages -- Cupboards, chains and stalls : libraries in the sixteenth century -- Walls, domes and alcoves : libraries in the 17th century -- Angels, frescoes and secret doors : libraries in the 18th century -- Iron stacks, gaslights and card catalogues : libraries in the 19th century -- Electricity, concrete and steel : libraries in the 20th century -- The future of libraries in the electronic age. | |
| 650 | 0 |
_aLibraries _xHistory. |
|
| 650 | 4 |
_aBibliotecas _xHistoria. |
|
| 700 | 1 |
_aPryce, Will, _eillustrator. |
|
| 942 |
_2lcc _cbk |
||
| 985 |
_aICUCIP _d2013-05-20 |
||
| 946 | _aYSL | ||
| 999 |
_c105290 _d105290 |
||